| 000 -LEADER |
| fixed length control field |
03527cam a2200493 i 4500 |
| 001 - CONTROL NUMBER |
| control field |
.b61259093 |
| 003 - CONTROL NUMBER IDENTIFIER |
| control field |
OCoLC |
| 005 - DATE AND TIME OF LATEST TRANSACTION |
| control field |
20211008103811.0 |
| 008 - FIXED-LENGTH DATA ELEMENTS--GENERAL INFORMATION |
| fixed length control field |
170203t20172017nyu 000 j eng |
| 010 ## - LIBRARY OF CONGRESS CONTROL NUMBER |
| LC control number |
2016058763 |
| 020 ## - INTERNATIONAL STANDARD BOOK NUMBER |
| International Standard Book Number |
9780802126399 |
| Qualifying information |
(hardback) |
| 020 ## - INTERNATIONAL STANDARD BOOK NUMBER |
| International Standard Book Number |
0802126391 |
| Qualifying information |
(hardback) |
| 024 8# - OTHER STANDARD IDENTIFIER |
| Standard number or code |
40026860052 |
| 035 ## - SYSTEM CONTROL NUMBER |
| System control number |
(OCoLC)951955956 |
| Canceled/invalid control number |
(OCoLC)960699069 |
| -- |
(OCoLC)969433261 |
| -- |
(OCoLC)969433301 |
| -- |
(OCoLC)979496655 |
| -- |
(OCoLC)982706748 |
| -- |
(OCoLC)1002165972 |
| 040 ## - CATALOGING SOURCE |
| Original cataloging agency |
DLC |
| Language of cataloging |
eng |
| Description conventions |
rda |
| Transcribing agency |
DLC |
| Modifying agency |
BTCTA |
| -- |
YDXCP |
| -- |
BDX |
| -- |
ILC |
| -- |
WIS |
| -- |
IHE |
| -- |
PCX |
| -- |
IGA |
| -- |
OJ4 |
| -- |
UAB |
| -- |
IJC |
| -- |
CZA |
| -- |
YDX |
| -- |
VP@ |
| -- |
TXMAL |
| -- |
OCLCO |
| -- |
OSU |
| -- |
YUS |
| -- |
RB0 |
| -- |
CUY |
| -- |
OCL |
| -- |
OCLCQ |
| -- |
OCLCO |
| -- |
LMR |
| -- |
OCL |
| -- |
MVD |
| -- |
SFR |
| -- |
CHILD |
| -- |
OCLCQ |
| -- |
OCL |
| -- |
GGN |
| -- |
OCLCQ |
| -- |
WRS |
| -- |
OCLCQ |
| -- |
UAT |
| -- |
IPL |
| 042 ## - AUTHENTICATION CODE |
| Authentication code |
nbic |
| 043 ## - GEOGRAPHIC AREA CODE |
| Geographic area code |
n-us--- |
| 082 00 - DEWEY DECIMAL CLASSIFICATION NUMBER |
| Classification number |
FIC NGU |
| Edition number |
23 |
| 100 1# - MAIN ENTRY--PERSONAL NAME |
| Personal name |
Nguyen, Viet Thanh, |
| Dates associated with a name |
1971- |
| Relator term |
author. |
| 240 10 - UNIFORM TITLE |
| Uniform title |
Short stories. |
| Form subheading |
Selections. |
| 245 14 - TITLE STATEMENT |
| Title |
The refugees / |
| Statement of responsibility, etc. |
Viet Thanh Nguyen. |
| 250 ## - EDITION STATEMENT |
| Edition statement |
First Grove Atlantic hardcover edition. |
| 264 #1 - PRODUCTION, PUBLICATION, DISTRIBUTION, MANUFACTURE, AND COPYRIGHT NOTICE |
| Place of production, publication, distribution, manufacture |
New York : |
| Name of producer, publisher, distributor, manufacturer |
Grove Press, |
| Date of production, publication, distribution, manufacture, or copyright notice |
2017. |
| 264 #4 - PRODUCTION, PUBLICATION, DISTRIBUTION, MANUFACTURE, AND COPYRIGHT NOTICE |
| Date of production, publication, distribution, manufacture, or copyright notice |
©2017. |
| 300 ## - PHYSICAL DESCRIPTION |
| Extent |
vii, 209 pages ; |
| Dimensions |
22 cm. |
| 336 ## - CONTENT TYPE |
| Content type term |
text |
| Content type code |
txt |
| Source |
rdacontent. |
| 337 ## - MEDIA TYPE |
| Media type term |
unmediated |
| Media type code |
n |
| Source |
rdamedia. |
| 338 ## - CARRIER TYPE |
| Carrier type term |
volume |
| Carrier type code |
nc |
| Source |
rdacarrier. |
| 505 00 - FORMATTED CONTENTS NOTE |
| Title |
Black-eyed women -- |
| -- |
The other man -- |
| -- |
War years -- |
| -- |
The transplant -- |
| -- |
I'd love you to want me -- |
| -- |
The Americans -- |
| -- |
Someone else besides you -- |
| -- |
Fatherland. |
| 520 ## - SUMMARY, ETC. |
| Summary, etc. |
"Viet Thanh Nguyen's The Sympathizer was one of the most widely and highly praised novels of 2015, the winner not only of the 2016 Pulitzer Prize for Fiction, but also the Center for Fiction Debut Novel Prize, the Edgar Award for Best First Novel, the ALA Carnegie Medal for Fiction, the Asian/Pacific American Award for Literature, and the California Book Award for First Fiction. Nguyen's next fiction book, The Refugees, is a collection of perfectly formed stories written over a period of twenty years, exploring questions of immigration, identity, love, and family. With the coruscating gaze that informed The Sympathizer, in The Refugees Viet Thanh Nguyen gives voice to lives led between two worlds, the adopted homeland and the country of birth. From a young Vietnamese refugee who suffers profound culture shock when he comes to live with two gay men in San Francisco, to a woman whose husband is suffering from dementia and starts to confuse her for a former lover, to a girl living in Ho Chi Minh City whose older half-sister comes back from America having seemingly accomplished everything she never will, the stories are a captivating testament to the dreams and hardships of immigration. The second piece of fiction by a major new voice in American letters, The Refugees is a beautifully written and sharply observed book about the aspirations of those who leave one country for another, and the relationships and desires for self-fulfillment that define our lives"-- |
| Assigning source |
Provided by publisher. |
| 650 #0 - SUBJECT ADDED ENTRY--TOPICAL TERM |
| Topical term or geographic name entry element |
Vietnamese |
| Geographic subdivision |
United States |
| Form subdivision |
Fiction. |
| 650 #0 - SUBJECT ADDED ENTRY--TOPICAL TERM |
| Topical term or geographic name entry element |
Refugees |
| Form subdivision |
Fiction. |
| 650 #0 - SUBJECT ADDED ENTRY--TOPICAL TERM |
| Topical term or geographic name entry element |
Immigrants |
| Form subdivision |
Fiction. |
| 650 #1 - SUBJECT ADDED ENTRY--TOPICAL TERM |
| Topical term or geographic name entry element |
Refugees |
| Form subdivision |
Fiction. |
| 650 #7 - SUBJECT ADDED ENTRY--TOPICAL TERM |
| Topical term or geographic name entry element |
Refugees. |
| Source of heading or term |
fast |
| Authority record control number or standard number |
(OCoLC)fst01092797. |
| 650 #7 - SUBJECT ADDED ENTRY--TOPICAL TERM |
| Topical term or geographic name entry element |
Immigrants. |
| Source of heading or term |
fast |
| Authority record control number or standard number |
(OCoLC)fst00967712. |
| 650 #7 - SUBJECT ADDED ENTRY--TOPICAL TERM |
| Topical term or geographic name entry element |
Vietnamese. |
| Source of heading or term |
fast |
| Authority record control number or standard number |
(OCoLC)fst01166629. |
| 651 #7 - SUBJECT ADDED ENTRY--GEOGRAPHIC NAME |
| Geographic name |
United States. |
| Source of heading or term |
fast |
| Authority record control number or standard number |
(OCoLC)fst01204155. |
| 655 #7 - INDEX TERM--GENRE/FORM |
| Genre/form data or focus term |
Fiction. |
| Source of term |
fast |
| Authority record control number or standard number |
(OCoLC)fst01423787. |
| 655 #7 - INDEX TERM--GENRE/FORM |
| Genre/form data or focus term |
Short stories. |
| Source of term |
fast |
| Authority record control number or standard number |
(OCoLC)fst01726740. |
| 700 12 - ADDED ENTRY--PERSONAL NAME |
| Personal name |
Nguyen, Viet Thanh, |
| Dates associated with a name |
1971- |
| Title of a work |
Black-eyed women. |
| 700 12 - ADDED ENTRY--PERSONAL NAME |
| Personal name |
Nguyen, Viet Thanh, |
| Dates associated with a name |
1971- |
| Title of a work |
Other man. |
| 942 ## - ADDED ENTRY ELEMENTS (KOHA) |
| Source of classification or shelving scheme |
|
| Koha item type |
Books - Fiction |